| 000 | 01391nam a2200313 i 4500 | ||
|---|---|---|---|
| 003 | DO-SdBNP | ||
| 005 | 20240626141616.0 | ||
| 006 | a||||gr|||| 00| 0 | ||
| 007 | ta | ||
| 008 | 240626e1994 sp aoc|| |||| 00| 0 spa d | ||
| 020 | _a8488602030 | ||
| 040 |
_aDO-SdBNP _bspa _cBNPHU _erda |
||
| 082 | 4 |
_222 _bG326p |
|
| 245 | 0 | 0 |
_aLos géneros de la pintura : _buna visión actual / _cPresentación, Fernando Perera Mezquida |
| 264 |
_aMadrid, España : _bMinisterio de Cultura, _bCentro Atlántico de Arte Moderno, _c1994 |
||
| 300 |
_a205 páginas : _bilustraciones, fotografías, retratos ; _c28 cm. |
||
| 336 |
_2rdacontent _atexto _btxt |
||
| 337 |
_2rdamedia _asin mediación _bn |
||
| 338 |
_2rdacarrier _avolumen _bnc |
||
| 500 | _aIncluye biografías, páginas 193 - 206. | ||
| 500 | _aIncluye pie de fotos | ||
| 505 |
_aEl último cuadro / _rRosa Olivares-- _tRetratos, Alegoría, Espejos / _rJuan Antonio Ramírez.-- _tCámaras maravillosas y naturalezas inmóviles / _rEstrella de Diego.-- _tNaturalezas artificiales: El paisaje fotográfiado / _rSantiago B. Olmo.-- _tTextos en inglés.-- _tBiografías. |
||
| 546 | _aObra en dos idiomas español e inglés. | ||
| 590 | _aInventariado 2024 / MF | ||
| 650 | 4 |
_aPintores españoles _xCatálogo _969497 |
|
| 650 | 4 |
_aPintura Española _98801 _yexposición |
|
| 700 | 1 | 2 |
_aPerera Mezquida, Fernando, _epresentación _985845 |
| 942 |
_2ddc _cLBS1 |
||
| 999 |
_c57019 _d57019 |
||